USSR (Record no. 975125)

MARC details
000 -LEADER
fixed length control field 00722nam a2200253Ia 4500
003 - CONTROL NUMBER IDENTIFIER
control field OSt
005 - DATE AND TIME OF LATEST TRANSACTION
control field 20221005065739.0
008 - FIXED-LENGTH DATA ELEMENTS--GENERAL INFORMATION
fixed length control field 221004b |||||||| |||| 00| 0 eng d
037 ## - SOURCE OF ACQUISITION
Terms of availability Textual
040 ## - CATALOGING SOURCE
Original cataloging agency CRL
Transcribing agency CRL
Language of cataloging eng
041 ## - LANGUAGE CODE
Source of code eng
Language code of text/sound track or separate title eng
100 ## - MAIN ENTRY--PERSONAL NAME
Personal name Dzyubenko Galina Co.
9 (RLIN) 604954
245 #0 - TITLE STATEMENT
Title USSR
Remainder of title A time of change. Scholars, Writers and Artists speak
260 ## - PUBLICATION, DISTRIBUTION, ETC.
Place of publication, distribution, etc. Moscow
Name of publisher, distributor, etc. Progress
Date of publication, distribution, etc. 1987
300 ## - PHYSICAL DESCRIPTION
Extent 272p.
Dimensions cm.
650 ## - SUBJECT ADDED ENTRY--TOPICAL TERM
Topical term or geographic name entry element HISTORY
700 ## - ADDED ENTRY--PERSONAL NAME
Personal name Kozlova Galina Co.
9 (RLIN) 604955
942 ## - ADDED ENTRY ELEMENTS (KOHA)
Classification part V58.N8->, M7
Koha item type Textual
Source of classification or shelving scheme
Holdings
Withdrawn status Lost status Damaged status Not for loan Home library Current library Date acquired Total Checkouts Full call number Barcode Date last seen Price effective from Koha item type
        Central Library Central Library 2022-10-05   V58.N8-> M7 CL1001075 2022-10-05 2022-10-05 Textual
Copyright @ Delhi University Library System